000
00264nam a2200109Ia 4500
008
200302s9999 xx 000 0 und d
100
_a
Franz Sales Meyer
245
_a
A HandBook of Ornament
260
_b
Gerald Duckworth Co. LTd.
260
_c
1974
300
_a
272 P.,
999
_c
159
_d
159